| 000 | 00937nam a22002057a 4500 | ||
|---|---|---|---|
| 005 | 20250913135541.0 | ||
| 008 | 240214b ||||| |||| 00| 0 eng d | ||
| 082 | _aDPer 621.381 In821 April 2022 v. 37 n. 4 | ||
| 100 |
_aTran, Tan-Tai. _eauthor. _952289 |
||
| 245 |
_aA switched-capacitor-based six-level inverter / _cTan-Tai Tran, Minh-Khai Nguyen, Truong-Duy Duong, Young-Cheol Lim, and Joon-Ho Choi. |
||
| 260 |
_aNew York ; _bThe Institute of Electrical and Electronics Engineers, Inc. , _cApril 2022. |
||
| 300 |
_aVolume 37, pages 4804-4816 : _billustration ; _c28 cm. |
||
| 500 | _aIEEE Transaction on Power Electronics, vol. 37, no. 4, pages 4804-4816, April 2022. | ||
| 700 |
_aTran, Tan-Tai. _eauthor. _952289 |
||
| 700 |
_aNguyen, Minh-Khai. _eauthor. _952290 |
||
| 700 |
_bDuong, Truong-Duy. _eauthor. _952291 |
||
| 700 |
_aLim, Young-Cheol. _eauthor. _952292 |
||
| 700 |
_aChoi, Joon-Ho. _eauthor. _952293 |
||
| 942 |
_2ddc _cPER |
||
| 999 |
_c19131 _d19131 |
||